01154cam a2200217 a 450000100100000000500170001000800410002704000250006808200180009310000400011124500630015126000300021430000210024449000390026550503900030465000280069465000310072283000470075395201210080099900150092100000918220200929161518.0720308s1968 sp 000 f spa d aDO-SdBNPbspacBNPHU a863.64bA357s1 aAldecoa, Ignacio,d1925-196992196410aSanta Olaja de acero y otras historias /cIgnacio Aldecoa. aMadrid :bAlianza,c1968. a239 p. ;c19 cm.1 aLibro de bolsillo. Literaturav1270 aSanta Olaja de acero -- El autobús de las 7,40 -- La humilde vida de Sebastián Zafra --Seguir de pobres -- Los hombres del amanecer -- En el kilómetro 400 -- La urraca cruza la carretera -- Young Sánchez -- El corazón otros frutos amargos -- Balada del Manzanares -- La despedida -- Patio de armas -- El porvenir no es tan negro -- Las piedras del páramo -- Fuera de juego. 4aNovela española91123 4aLiteratura española9632 0aLibro de bolsillo. Literatura ;v12799889 001054708MOaGRbGRcHDd2009-09-28iLF1l0o863.64 A357sp9182-10r2020-06-25w2020-06-25y4ZPréstamo en sala c8945d8945